00652nam a2200145Ia 4500008004100000050002400041100002000065245015000085260008600235300002900321521002300350942000700373999001900380952010700399140724s9999 xx 000 0 und d aPN 2053b.G913 2008 aGuansing, Paul. 2aA Comparative study of the directing styles and socio-political themes used by Akira Kurosawa and Lino Brocka in selected fimls /cPaul Guansing. aLas Piñas, Philippines :bSouthville International School and Colleges,cc2008. a101 p. :bill. ;c28 cm. aMass Communication cTH c228874d228874 001040aCLbCLcTHESESd2014-07-24l0oPN 2053 .G913 2008pT0228r2018-05-15 00:00:00w2014-07-24yTH